[Event "POL-ch U16 Girls"]
[Site "Jastrzebia Gora"]
[Date "2023.??.??"]
[Round "8"]
[White "Bandyk, Joanna"]
[Black "Dura, Anna"]
[Result "1/2-1/2"]
[WhiteElo "1459"]
[BlackElo "1186"]
[PlyCount "104"]
[EventDate "2023.03.11"]
[EventType "swiss"]
[EventRounds "9"]
[EventCountry "POL"]
[SourceTitle "CBM 213 Extra"]
[Source "ChessBase"]
[SourceDate "2023.05.31"]
[SourceVersion "1"]
[SourceVersionDate "2023.05.31"]
[SourceQuality "1"]

1. e4 e6 2. d3 d5 3. Nd2 Nf6 4. Ngf3 Be7 5. g3 0-0 6. Bg2 c5 7. 0-0 Nc6 8. Re1 b6 9. e5 Nd7 10. Nf1 Bb7 11. h4 h6 12. N1h2 Re8 13. Bf4 Bf8 14. h5 Ne7 15. g4 g6 16. hxg6 Nxg6 17. Qd2 Kh7 18. Nf1 Bg7 19. Ng3 Rh8 20. Nh5 Qf8 21. Kh2 Re8 22. Rh1 Ndxe5 23. Nxe5 Nxe5 24. Nxg7 Qxg7 25. Kg1 Kg6 26. Qe2 f6 27. Bxe5 fxe5 28. Re1 Kf7 29. Rh3 Rhg8 30. Qxe5 Qxe5 31. Rxe5 Rxg4 32. Kf1 Reg8 33. Bf3 R4g5 34. Rxg5 hxg5 35. Bg4 e5 36. Rf3+ Ke7 37. Rh3 Rg7 38. f3 Bc6 39. Kf2 Bd7 40. Kg3 c4 41. dxc4 dxc4 42. Rh2 Be6 43. Re2 Kf6 44. Rh2 Bf5 45. Rh6+ Rg6 46. Rh7 Bxc2 47. Rxa7 e4 48. Rc7 e3 49. Rxc4 Bb1 50. f4 Bxa2 51. Rc6+ Kg7 52. Rxg6+ Kxg6 1/2-1/2